00379nam a2200145Ia 4500008004100000020001500041041001200056082001600068100001500084245005800099260003700157300000800194650001600202700001500218221030s9999 xx 000 0 und d a8177588230 aEnglish a105.23bNia aZe-Nian Li 0aFundamentals of Multimediacby Ze-Nian Li, M. S. Drew bPearson EducationaDelhic2006 a560 aBE Computer aM. S. Drew